[Event "BL2-Sued 1819"]
[Site "Germany"]
[Date "2019.02.02"]
[Round "5.6"]
[White "Roemer, Ulrich"]
[Black "Sokolov, Andrei"]
[Result "1/2-1/2"]
[WhiteElo "2194"]
[BlackElo "2497"]
[PlyCount "137"]
[EventDate "2018.11.10"]
[EventType "team-tourn"]
[EventRounds "10"]
[EventCountry "GER"]
[SourceTitle "CBM 190 Extra"]
[Source "ChessBase"]
[SourceDate "2019.07.15"]
[SourceVersion "1"]
[SourceVersionDate "2019.07.15"]
[SourceQuality "1"]
[WhiteTeam "Jedesheim"]
[BlackTeam "Emmendingen"]
[WhiteTeamCountry "GER"]
[BlackTeamCountry "GER"]

1. d4 Nf6 2. Nf3 b6 3. e3 e6 4. Bd3 d5 5. 0-0 Bd6 6. b3 0-0 7. c4 Nbd7 8. Bb2 Bb7 9. Nc3 a6 10. Bc1 Qe7 11. Na4 dxc4 12. bxc4 c5 13. Ne5 Rad8 14. Qe2 Bc7 15. f4 Ne4 16. Ba3 f5 17. Rab1 Nxe5 18. fxe5 Bc6 19. Nxb6 Nc3 20. Qf2 Nxb1 21. Rxb1 Bxe5 22. Bxc5 Qxc5 23. dxc5 Rxd3 24. Qe2 Rdd8 25. Rd1 g6 26. Rd4 Rxd4 27. exd4 Bxd4+ 28. Kf1 Kf7 29. Qd2 Rd8 30. Qf4 e5 31. Qh4 Rh8 32. Nd5 Bxd5 33. cxd5 Bxc5 34. Qc4 Bd6 35. Qxa6 Rd8 36. Qb7+ Kf6 37. a4 Rb8 38. Qd7 Rb1+ 39. Ke2 Bb4 40. Qd8+ Kf7 41. Qc7+ Kf6 42. Qd8+ Kf7 43. d6 Rb2+ 44. Kf1 Rb1+ 45. Kf2 Rb2+ 46. Kg3 Ke6 47. d7 Rb3+ 48. Kf2 Rb2+ 49. Kf1 Rb1+ 50. Ke2 Rb2+ 51. Ke3 Rb3+ 52. Ke2 Rb2+ 53. Kd3 Rd2+ 54. Kc4 Be7 55. Qc8 Kf6 56. Qh8+ Ke6 57. Qc8 Kf6 58. Kc3 Rd6 59. a5 e4 60. a6 e3 61. Qc5 Rxa6 62. Qd4+ Kf7 63. d8Q Bxd8 64. Qxd8 Re6 65. Qd7+ Re7 66. Qd5+ Kf8 67. Qd8+ Kf7 68. Qd5+ Kf8 69. Qd8+ 1/2-1/2

[Event "Oberliga Wuerttemberg 1516"]
[Site "Wuerttemberg"]
[Date "2016.01.31"]
[Round "6.3"]
[White "Roemer, Ulrich"]
[Black "Graf, Alexander"]
[Result "0-1"]
[WhiteElo "2134"]
[BlackElo "2525"]
[PlyCount "46"]
[EventDate "2015.09.20"]
[EventType "team-tourn"]
[EventRounds "9"]
[EventCountry "GER"]
[SourceTitle "EXT 2019"]
[Source "ChessBase"]
[SourceDate "2018.10.10"]
[SourceVersion "1"]
[SourceVersionDate "2018.10.10"]
[SourceQuality "1"]
[WhiteTeam "Jedesheim"]
[BlackTeam "Deizisau"]
[WhiteTeamCountry "GER"]
[BlackTeamCountry "GER"]

1. d4 Nf6 2. Nf3 c5 3. e3 d5 4. c4 cxd4 5. exd4 g6 6. Nc3 Bg7 7. Be2 0-0 8. 0-0 Nc6 9. Bg5 Ne4 10. Bh4 Nxc3 11. bxc3 Be6 12. Ng5 Bf5 13. cxd5 Qxd5 14. Qb3 Qd7 15. Bf3 Rac8 16. Rfe1 Bf6 17. Bxc6 Rxc6 18. Re3 Bxd4 19. cxd4 Qxd4 20. Rae1 Qxh4 21. Nf3 Qc4 22. Qxb7 Rc7 23. Qb2 Be6 0-1

[Event "HUN-chT2 Asztalos 1516"]
[Site "Hungary"]
[Date "2015.10.04"]
[Round "2.1"]
[White "Horvath, Miklos"]
[Black "Roemer, Ulrich"]
[Result "0-1"]
[WhiteElo "2191"]
[BlackElo "2241"]
[PlyCount "58"]
[EventDate "2015.09.13"]
[EventType "team-tourn"]
[EventRounds "11"]
[EventCountry "HUN"]
[SourceTitle "CBM 170 Extra"]
[Source "ChessBase"]
[SourceDate "2016.02.25"]
[SourceVersion "1"]
[SourceVersionDate "2016.02.25"]
[SourceQuality "1"]
[WhiteTeam "Fehervar"]
[BlackTeam "Marcali"]
[WhiteTeamCountry "HUN"]
[BlackTeamCountry "HUN"]

1. e4 d6 2. d4 Nf6 3. Nc3 g6 4. f4 Bg7 5. e5 Nfd7 6. Nf3 c5 7. exd6 0-0 8. Be2 exd6 9. 0-0 Nc6 10. dxc5 dxc5 11. Be3 Qa5 12. Bd2 Nf6 13. Ne5 Qc7 14. Nxc6 Qxc6 15. Be3 Bf5 16. Bf3 Qc7 17. g4 Rfe8 18. Re1 Rad8 19. Qe2 Nxg4 20. Bxg4 Rxe3 21. Qg2 Rxe1+ 22. Rxe1 Bxc3 23. bxc3 Qxf4 24. Bxf5 Rd2 25. Qg3 Qxf5 26. Rf1 Qd5 27. c4 Qd4+ 28. Kh1 Qe4+ 29. Kg1 h5 0-1

[Event "Balaton IM 30th"]
[Site "Heviz"]
[Date "2012.10.01"]
[Round "9"]
[White "Roemer, Ulrich"]
[Black "Polajzer, Danilo"]
[Result "1/2-1/2"]
[WhiteElo "2294"]
[BlackElo "2300"]
[PlyCount "28"]
[EventDate "2012.09.23"]
[EventType "tourn"]
[EventRounds "9"]
[EventCountry "HUN"]
[EventCategory "1"]
[SourceTitle "CBM 150 Extra"]
[Source "ChessBase"]
[SourceDate "2012.10.19"]
[SourceVersion "1"]
[SourceVersionDate "2012.10.19"]
[SourceQuality "1"]

1. d4 d5 2. c4 c6 3. Nf3 Nf6 4. e3 g6 5. Nc3 Bg7 6. Be2 0-0 7. 0-0 dxc4 8. Bxc4 Bg4 9. h3 Bxf3 10. Qxf3 Nbd7 11. Rd1 Qc7 12. e4 e5 13. d5 Nb6 14. Bb3 c5 1/2-1/2

[Event "Balaton IM 30th"]
[Site "Heviz"]
[Date "2012.09.28"]
[Round "6"]
[White "Stips, Felix"]
[Black "Roemer, Ulrich"]
[Result "1/2-1/2"]
[WhiteElo "2221"]
[BlackElo "2294"]
[PlyCount "28"]
[EventDate "2012.09.23"]
[EventType "tourn"]
[EventRounds "9"]
[EventCountry "HUN"]
[EventCategory "1"]
[SourceTitle "CBM 150 Extra"]
[Source "ChessBase"]
[SourceDate "2012.10.19"]
[SourceVersion "1"]
[SourceVersionDate "2012.10.19"]
[SourceQuality "1"]

1. d4 d6 2. Nf3 g6 3. g3 Bg7 4. Bg2 Nf6 5. 0-0 0-0 6. a4 a5 7. Nc3 Nbd7 8. e4 e5 9. h3 exd4 10. Nxd4 Re8 11. Re1 Nc5 12. Ndb5 Bd7 13. Bf4 Bc6 14. Bg5 h6 1/2-1/2

[Event "Balaton IM 30th"]
[Site "Heviz"]
[Date "2012.09.26"]
[Round "4"]
[White "Roemer, Ulrich"]
[Black "Miturova, Magdalena"]
[Result "1/2-1/2"]
[WhiteElo "2294"]
[BlackElo "2150"]
[PlyCount "27"]
[EventDate "2012.09.23"]
[EventType "tourn"]
[EventRounds "9"]
[EventCountry "HUN"]
[EventCategory "1"]
[SourceTitle "CBM 150 Extra"]
[Source "ChessBase"]
[SourceDate "2012.10.19"]
[SourceVersion "1"]
[SourceVersionDate "2012.10.19"]
[SourceQuality "1"]

1. d4 Nf6 2. Nf3 g6 3. c4 Bg7 4. Nc3 0-0 5. e3 d6 6. Be2 Nbd7 7. b3 e5 8. Bb2 Re8 9. Qc2 c6 10. h3 Nf8 11. g4 exd4 12. Nxd4 Ne6 13. 0-0-0 Nc5 14. Bf3 1/2-1/2

[Event "Wuerttemberg-ch MT"]
[Site "Illertissen"]
[Date "2012.09.01"]
[Round "8"]
[White "Anistratov, Dmitrij"]
[Black "Roemer, Ulrich"]
[Result "1-0"]
[WhiteElo "2332"]
[BlackElo "2294"]
[PlyCount "70"]
[EventDate "2012.08.25"]
[EventType "swiss"]
[EventRounds "9"]
[EventCountry "GER"]
[SourceTitle "EXT 2017"]
[Source "ChessBase"]
[SourceDate "2016.10.25"]
[SourceVersion "1"]
[SourceVersionDate "2016.10.25"]
[SourceQuality "1"]

1. Nf3 Nf6 2. d4 e6 3. g3 b6 4. Bg2 Bb7 5. 0-0 c5 6. c4 cxd4 7. Qxd4 d6 8. Nc3 a6 9. Rd1 Nbd7 10. b3 Be7 11. e4 Qc8 12. Bb2 0-0 13. Re1 Qc7 14. Rad1 Rfd8 15. h3 Rac8 16. Qe3 Qb8 17. Nd4 Qa8 18. Kh2 Re8 19. Qe2 Bf8 20. Qf1 Nc5 21. Qh1 Qb8 22. Re2 g6 23. Qe1 Bg7 24. Bc1 Red8 25. Bb2 Re8 26. Nc2 Red8 27. Bc1 b5 28. cxb5 Nxb3 29. axb3 Rxc3 30. e5 Nd5 31. Bxd5 Rxc2 32. Bxb7 Rxe2 33. Qxe2 Qxb7 34. bxa6 Qxb3 35. exd6 Ra8 1-0

[Event "Wuerttemberg-ch MT"]
[Site "Illertissen"]
[Date "2012.08.30"]
[Round "6"]
[White "Weiss, Oliver"]
[Black "Roemer, Ulrich"]
[Result "1/2-1/2"]
[WhiteElo "2268"]
[BlackElo "2294"]
[PlyCount "21"]
[EventDate "2012.08.25"]
[EventType "swiss"]
[EventRounds "9"]
[EventCountry "GER"]
[SourceTitle "EXT 2017"]
[Source "ChessBase"]
[SourceDate "2016.10.25"]
[SourceVersion "1"]
[SourceVersionDate "2016.10.25"]
[SourceQuality "1"]

1. d4 d5 2. Nf3 c5 3. c3 cxd4 4. cxd4 Nc6 5. Qb3 Nf6 6. Nc3 e6 7. Bf4 Bd6 8. Bg3 0-0 9. e3 b6 10. a3 Bb7 11. Be2 1/2-1/2

[Event "Wuerttemberg-ch MT"]
[Site "Illertissen"]
[Date "2012.08.27"]
[Round "3"]
[White "Roemer, Ulrich"]
[Black "Foerster, Bernhard"]
[Result "1/2-1/2"]
[WhiteElo "2294"]
[BlackElo "2176"]
[PlyCount "31"]
[EventDate "2012.08.25"]
[EventType "swiss"]
[EventRounds "9"]
[EventCountry "GER"]
[SourceTitle "EXT 2017"]
[Source "ChessBase"]
[SourceDate "2016.10.25"]
[SourceVersion "1"]
[SourceVersionDate "2016.10.25"]
[SourceQuality "1"]

1. d4 d5 2. c4 c6 3. Nf3 Nf6 4. e3 g6 5. Nc3 Bg7 6. Be2 0-0 7. 0-0 Be6 8. cxd5 cxd5 9. Qb3 Bc8 10. Bd2 e6 11. Rfd1 Nc6 12. Qa3 Re8 13. b3 a6 14. Rac1 Bf8 15. Qb2 Qd6 16. Na4 1/2-1/2

[Event "HUN-chT2 Asztalos 0708"]
[Site "Hungary"]
[Date "2007.11.25"]
[Round "3"]
[White "Kiss, Lajos"]
[Black "Roemer, Ulrich"]
[Result "0-1"]
[WhiteElo "2175"]
[BlackElo "2282"]
[PlyCount "96"]
[EventDate "2007.10.14"]
[EventType "team"]
[EventRounds "11"]
[EventCountry "HUN"]
[SourceTitle "EXT 2009"]
[Source "ChessBase"]
[SourceDate "2008.11.26"]
[SourceVersion "1"]
[SourceVersionDate "2008.11.26"]
[SourceQuality "1"]
[WhiteTeam "Koppany"]
[BlackTeam "Balatonbereny"]
[WhiteTeamCountry "HUN"]
[BlackTeamCountry "HUN"]

1. d4 d6 2. Nc3 g6 3. e4 Nf6 4. Be3 Bg7 5. f3 c6 6. Qd2 b5 7. Bh6 Bxh6 8. Qxh6 e5 9. 0-0-0 Qe7 10. Nh3 a6 11. Nf2 Bb7 12. dxe5 dxe5 13. f4 Nbd7 14. Be2 exf4 15. Qxf4 Ne5 16. Nd3 Nfd7 17. Bg4 0-0 18. Rhe1 Rae8 19. Bxd7 Nxd7 20. e5 c5 21. Ne4 Bxe4 22. Qxe4 c4 23. Nf2 Qxe5 24. Qg4 Qxe1 25. Rxe1 Rxe1+ 26. Kd2 Nf6 27. Qd4 Re6 28. g4 h6 29. h4 Rfe8 30. g5 hxg5 31. hxg5 Ne4+ 32. Nxe4 Rxe4 33. Qd6 a5 34. b3 b4 35. bxc4 Rxc4 36. Qd5 Rec8 37. Qxa5 Rxc2+ 38. Kd3 R2c4 39. Qb6 Rg4 40. Qb5 Ra8 41. Qd5 Ra3+ 42. Ke2 Rg2+ 43. Kf1 Raxa2 44. Qd8+ Kh7 45. Qf8 Raf2+ 46. Ke1 b3 47. Qh6+ Kg8 48. Qh3 Rc2 0-1

[Event "Bodensee-Cup 8th"]
[Site "Landau"]
[Date "2002.05.04"]
[Round "2"]
[White "Wegerle, Joerg"]
[Black "Roemer, Ulrich"]
[Result "1/2-1/2"]
[WhiteElo "2281"]
[BlackElo "2289"]
[PlyCount "102"]
[EventDate "2002.05.03"]
[EventType "team-tourn"]
[EventRounds "3"]
[EventCountry "GER"]
[SourceTitle "EXT 2004"]
[Source "ChessBase"]
[SourceDate "2003.11.25"]
[SourceVersion "1"]
[SourceVersionDate "2003.11.25"]
[SourceQuality "1"]

1. e4 d6 2. d4 Nf6 3. Nc3 g6 4. f3 c6 5. Be3 Nbd7 6. Qd2 b5 7. Nh3 Bb7 8. Be2 Bg7 9. Nf2 0-0 10. g4 e5 11. g5 Nh5 12. dxe5 dxe5 13. a4 bxa4 14. Nxa4 Nf4 15. Bxf4 exf4 16. Qxf4 Qe7 17. 0-0 Nb6 18. c3 Be5 19. Qh4 f6 20. gxf6 Bxf6 21. Qh3 Be5 22. Nxb6 axb6 23. Rxa8 Rxa8 24. Bc4+ Kh8 25. Nd3 Bg7 26. Kh1 Bc8 27. Qg2 b5 28. Bb3 Be6 29. Bxe6 Qxe6 30. f4 Qc4 31. Qf3 c5 32. e5 Rd8 33. Rd1 b4 34. cxb4 cxb4 35. Kg2 h5 36. Nf2 Rf8 37. Nd3 Qc2+ 38. Kg3 Rd8 39. Nf2 Rf8 40. Qd3 Qxb2 41. Qxg6 h4+ 42. Kg2 Rxf4 43. Rd8+ Rf8 44. Rxf8+ Bxf8 45. Qf7 Bh6 46. Qf6+ Kh7 47. Qe7+ Kg6 48. Qf6+ Kh7 49. Qxh4 Qxe5 50. Qxb4 Qg5+ 51. Kf1 Qc1+ 1/2-1/2

[Event "Seefeld op 12th"]
[Site "Seefeld"]
[Date "2001.09.22"]
[Round "8"]
[White "Heinig, Wolfram"]
[Black "Roemer, Ulrich"]
[Result "1-0"]
[WhiteElo "2289"]
[BlackElo "2289"]
[PlyCount "125"]
[EventDate "2001.09.15"]
[EventType "swiss"]
[EventRounds "9"]
[EventCountry "AUT"]
[SourceTitle "EXT 2002"]
[Source "ChessBase"]
[SourceDate "2001.11.25"]
[SourceVersion "1"]
[SourceVersionDate "2001.11.25"]
[SourceQuality "1"]

1. d4 d6 2. c4 e5 3. Nf3 exd4 4. Nxd4 g6 5. Nc3 Bg7 6. g3 Nf6 7. Bg2 0-0 8. 0-0 Nbd7 9. e4 Re8 10. b3 Nc5 11. Re1 a5 12. h3 c6 13. Bf4 h6 14. Qc2 Nfd7 15. Be3 Qe7 16. Rad1 Kh7 17. Kh1 Nf6 18. Bf4 Nh5 19. Be3 Nf6 20. Bc1 Bd7 21. f4 Qd8 22. Qf2 Qc7 23. Ba3 b6 24. g4 Re7 25. Bxc5 bxc5 26. Nde2 Rae8 27. Qf3 Bc8 28. Ng3 Ng8 29. Rd3 f5 30. Red1 Bxc3 31. Rxc3 fxe4 32. Qe3 Bb7 33. f5 gxf5 34. Nxf5 Re6 35. Qf4 Qf7 36. Re3 d5 37. Rde1 Re5 38. Qg3 Bc8 39. Nd6 Qg7 40. Nxe8 Rxe8 41. Qd6 Bb7 42. Qxc5 Nf6 43. Qd4 Nh5 44. Qxg7+ Nxg7 45. Rf1 Re7 46. Kh2 Ne6 47. Kg3 Kg7 48. h4 Rf7 49. Rxf7+ Kxf7 50. Bh3 Kf6 51. g5+ hxg5 52. Bxe6 gxh4+ 53. Kf4 Kxe6 54. Rh3 Kd6 55. Rxh4 Kc5 56. Rh7 Ba6 57. cxd5 cxd5 58. Ke3 Bd3 59. Rc7+ Kb4 60. Kd4 Bb1 61. Rb7+ Ka3 62. Rb5 Kxa2 63. Kc3 1-0

[Event "Seefeld op 12th"]
[Site "Seefeld"]
[Date "2001.09.15"]
[Round "1"]
[White "Roemer, Ulrich"]
[Black "Bundt, Bernhard"]
[Result "1-0"]
[WhiteElo "2289"]
[BlackElo "1951"]
[PlyCount "59"]
[EventDate "2001.09.15"]
[EventType "swiss"]
[EventRounds "9"]
[EventCountry "AUT"]
[SourceTitle "EXT 2002"]
[Source "ChessBase"]
[SourceDate "2001.11.25"]
[SourceVersion "1"]
[SourceVersionDate "2001.11.25"]
[SourceQuality "1"]

1. d4 d5 2. c4 e6 3. Nc3 Nf6 4. Nf3 Be7 5. Bg5 0-0 6. e3 c6 7. Rc1 Nbd7 8. Bd3 dxc4 9. Bxc4 Qa5 10. 0-0 e5 11. d5 cxd5 12. Nxd5 Nxd5 13. Qxd5 Qd8 14. Bxe7 Qxe7 15. Rfd1 e4 16. Qg5 Nf6 17. Qe5 Qxe5 18. Nxe5 Be6 19. Bxe6 fxe6 20. Rc7 b5 21. g4 Nd5 22. Rc5 a6 23. a3 a5 24. Rxb5 Rac8 25. Rd2 h5 26. h3 hxg4 27. hxg4 Rf6 28. Rxa5 Rc1+ 29. Kg2 Rh6 30. g5 1-0

[Event "BL2-Sued 0001"]
[Site "Germany"]
[Date "2001.01.28"]
[Round "5.2"]
[White "Roemer, Ulrich"]
[Black "Gabriel, Christian"]
[Result "1/2-1/2"]
[WhiteElo "2296"]
[BlackElo "2528"]
[PlyCount "51"]
[EventDate "2000.10.15"]
[EventType "team-tourn"]
[EventRounds "9"]
[EventCountry "GER"]
[SourceTitle "CBM 082 Extra"]
[Source "ChessBase"]
[SourceDate "2001.07.03"]
[SourceVersion "1"]
[SourceVersionDate "2001.07.03"]
[SourceQuality "1"]
[WhiteTeam "Ulm"]
[BlackTeam "Stuttgart"]
[WhiteTeamCountry "GER"]
[BlackTeamCountry "GER"]

1. d4 d5 2. c4 dxc4 3. Nf3 Nf6 4. e3 e6 5. Bxc4 c5 6. 0-0 a6 7. a4 Nc6 8. Nc3 Be7 9. Qe2 cxd4 10. Rd1 0-0 11. exd4 Nd5 12. Ne5 Ncb4 13. Ne4 b6 14. Ra3 f6 15. Nf3 Bd7 16. Bd2 Re8 17. Raa1 Bf8 18. Rdc1 Ra7 19. a5 b5 20. Bb3 Kh8 21. Nc5 Bc8 22. Qe4 Qd6 23. Re1 Rae7 24. Rac1 Nc6 25. h3 g6 26. Re2 1/2-1/2

[Event "BL2-Sued 0001"]
[Site "Germany"]
[Date "2000.10.15"]
[Round "1.2"]
[White "Sokolov, Andrei"]
[Black "Roemer, Ulrich"]
[Result "1/2-1/2"]
[WhiteElo "2564"]
[BlackElo "2296"]
[PlyCount "46"]
[EventDate "2000.10.15"]
[EventType "team-tourn"]
[EventRounds "9"]
[EventCountry "GER"]
[SourceTitle "CBM 082 Extra"]
[Source "ChessBase"]
[SourceDate "2001.07.03"]
[SourceVersion "1"]
[SourceVersionDate "2001.07.03"]
[SourceQuality "1"]
[WhiteTeam "Viernheim"]
[BlackTeam "Ulm"]
[WhiteTeamCountry "GER"]
[BlackTeamCountry "GER"]

1. d4 d6 2. Nf3 g6 3. c4 Bg7 4. Nc3 Nf6 5. e4 0-0 6. Be2 e5 7. 0-0 exd4 8. Nxd4 Re8 9. f3 c6 10. Nc2 Na6 11. Kh1 Nc7 12. Bf4 d5 13. cxd5 cxd5 14. Bxc7 Qxc7 15. exd5 Bd7 16. Qd2 Rad8 17. Rad1 a6 18. Rfe1 Qb6 19. Bd3 Rxe1+ 20. Rxe1 h5 21. Bc4 Bf5 22. Bb3 h4 23. Qd4 Nxd5 1/2-1/2

[Event "Seefeld op 11th"]
[Site "Seefeld"]
[Date "2000.09.22"]
[Round "7"]
[White "Roemer, Ulrich"]
[Black "Rotstein, Arkadij"]
[Result "0-1"]
[WhiteElo "2296"]
[BlackElo "2492"]
[PlyCount "76"]
[EventDate "2000.09.16"]
[EventType "swiss"]
[EventRounds "9"]
[EventCountry "AUT"]
[SourceTitle "EXT 2001"]
[Source "ChessBase"]
[SourceDate "2000.11.22"]
[SourceVersion "1"]
[SourceVersionDate "2000.11.22"]
[SourceQuality "1"]

1. d4 Nf6 2. Nf3 g6 3. c4 Bg7 4. Nc3 d5 5. e3 0-0 6. Be2 c5 7. 0-0 dxc4 8. Bxc4 Nbd7 9. Bb3 a6 10. a4 Qc7 11. d5 c4 12. Bc2 Ng4 13. h3 Nge5 14. Nxe5 Bxe5 15. f4 Bg7 16. e4 Qc5+ 17. Kh1 Rb8 18. e5 b5 19. axb5 axb5 20. Ne4 Qc7 21. Ng5 Nc5 22. e6 f5 23. h4 Bb7 24. h5 Rbd8 25. hxg6 hxg6 26. Qe1 Bxd5 27. Qh4 Rf6 28. Qh7+ Kf8 29. Be3 Nxe6 30. Ra7 Qc6 31. Rf2 Nxg5 32. fxg5 Rf7 33. Bxf5 Rxf5 34. Rxf5+ gxf5 35. Rxe7 Bxg2+ 36. Kh2 Qd6+ 37. Kxg2 Qxe7 38. Qxf5+ Kg8 0-1

[Event "BL2-Sued 9900"]
[Site "Germany"]
[Date "2000.03.12"]
[Round "7.3"]
[White "Roemer, Ulrich"]
[Black "Gasthofer, Viktor"]
[Result "1/2-1/2"]
[WhiteElo "2291"]
[BlackElo "2382"]
[PlyCount "20"]
[EventDate "1999.10.10"]
[EventType "team-tourn"]
[EventRounds "9"]
[EventCountry "GER"]
[SourceTitle "CBM 075 Extra"]
[Source "ChessBase"]
[SourceDate "2000.05.11"]
[SourceVersion "2"]
[SourceVersionDate "2000.05.11"]
[SourceQuality "1"]
[WhiteTeam "Ulm"]
[BlackTeam "Bad Mergentheim"]
[WhiteTeamCountry "GER"]
[BlackTeamCountry "GER"]

1. d4 e6 2. Nf3 d5 3. e3 Nf6 4. Bd3 b6 5. b3 Bb7 6. 0-0 Be7 7. Bb2 Nbd7 8. c4 0-0 9. Nc3 c5 10. Qe2 cxd4 1/2-1/2

[Event "BL2-Sued 9900"]
[Site "Germany"]
[Date "1999.12.12"]
[Round "3.6"]
[White "Roemer, Ulrich"]
[Black "Staiger, Frank"]
[Result "1-0"]
[WhiteElo "2291"]
[BlackElo "2346"]
[PlyCount "55"]
[EventDate "1999.10.10"]
[EventType "team-tourn"]
[EventRounds "9"]
[EventCountry "GER"]
[SourceTitle "CBM 074 Extra"]
[Source "ChessBase"]
[SourceDate "2000.03.10"]
[SourceVersion "2"]
[SourceVersionDate "2000.03.10"]
[SourceQuality "1"]
[WhiteTeam "Ulm"]
[BlackTeam "Eppingen"]
[WhiteTeamCountry "GER"]
[BlackTeamCountry "GER"]

1. d4 Nf6 2. Nf3 e6 3. e3 b6 4. Bd3 Bb7 5. 0-0 c5 6. c4 cxd4 7. exd4 Be7 8. Nc3 d6 9. d5 e5 10. Ng5 Nbd7 11. f4 g6 12. f5 Nc5 13. Bc2 h6 14. b4 hxg5 15. bxc5 gxf5 16. c6 Ba6 17. Rxf5 Bxc4 18. Bxg5 b5 19. c7 Qxc7 20. Bxf6 Qc5+ 21. Rf2 Bxf6 22. Ne4 Qb6 23. Nxf6+ Ke7 24. Qf3 Raf8 25. Qf5 Qc7 26. Qg5 Kd8 27. Nh7+ f6 28. Nxf8 1-0